000 00682 a2200145 4500
001 123796
040 _cEscola Canadense de Niteroi
090 _aF3
100 _aSantana, Luciana
245 1 0 _aUm Fantasma no porão
520 _aMelissa é uma garotinha esperta e curiosa, que gosta de brincar e se divertir. Ao ficar sozinha em casa, ela vive uma situação inusitada com um inquilino muito estranho. Um fantasma no porão o é uma linda história, repleta de fantasia, aventura e muitos encantos. Divirta-se também com essa adorável e emocionante história e descubra a magia de se fazer novos amigos.
650 4 _aLiteratura Infantil
650 4 _aAmizade
942 _cBK
999 _c123796
_d123796